书目信息 |
| 题名: |
会展经济
|
|
| 作者: | 史国祥 , 贺学良 编著 | |
| 分册: | ||
| 出版信息: | 天津 南开大学出版社 2008 |
|
| 页数: | 211页 | |
| 开本: | 23cm | |
| 丛书名: | ||
| 单 册: | ||
| 中图分类: | G245 , F063.1 | |
| 科图分类: | ||
| 主题词: | 展览会--服务经济学--高等学校--教材 , 展览会 , 服务经济学 | |
| 电子资源: | ||
| ISBN: | 978-7-310-03009-5 | |
| 000 | 01059nam0 2200277 450 | |
| 001 | 2338853544 | |
| 005 | 20231216105022.30 | |
| 010 | @a978-7-310-03009-5@dCNY 26.00 | |
| 100 | @a20081203d2008 em y0chiy0120 ea | |
| 101 | 0 | @achi |
| 102 | @aCN@b120000 | |
| 105 | @ay z 000yy | |
| 200 | 1 | @a会展经济@Ahui zhan jing ji@b专著@f史国祥,贺学良编著 |
| 210 | @a天津@c南开大学出版社@d2008 | |
| 215 | @a211页@d23cm | |
| 300 | @a高等院校会展专业教材 | |
| 330 | @a本书分为八章。第一章分析了会展经济的形成及判断标准;第二、三章从会展供给和需求分析入手构筑了会展市场钴构及运行;第四、五章对会展产业的结构及效益的分析;第六章则从城市经济及区域经济的角度对会展经济运行及格局作了分析;第七章讨论了会展市场失灵问题及其对策,第八章讨论了会展经济可持续发展的问题。 | |
| 606 | 0 | @a展览会@x服务经济学@x高等学校@j教材 |
| 606 | 0 | @a展览会 |
| 606 | 0 | @a服务经济学 |
| 690 | @aG245@v5 | |
| 690 | @aF063.1@v5 | |
| 701 | 0 | @a史国祥@Ashi guo xiang@c(会展管理)@4编著 |
| 701 | 0 | @a贺学良@Ahe xue liang@4编著 |
| 801 | 2 | @aCN@b辽宁北配@c20231205 |
| 905 | @aBZT@dG245@e18 | |
| 会展经济/史国祥,贺学良编著.-天津:南开大学出版社,2008 |
| 211页;23cm |
| 高等院校会展专业教材 |
| ISBN 978-7-310-03009-5:CNY 26.00 |
| 本书分为八章。第一章分析了会展经济的形成及判断标准;第二、三章从会展供给和需求分析入手构筑了会展市场钴构及运行;第四、五章对会展产业的结构及效益的分析;第六章则从城市经济及区域经济的角度对会展经济运行及格局作了分析;第七章讨论了会展市场失灵问题及其对策,第八章讨论了会展经济可持续发展的问题。 |
| ● |
| 相关链接 |
|
|
|
正题名:会展经济
索取号:G245/18
 
预约/预借
| 序号 | 登录号 | 条形码 | 馆藏地/架位号 | 状态 | 备注 |
| 1 | 2001636594 | 2001636594 | 辽三/辽宁北配(第三批)/2854/ [索取号:G245/18] | 在馆 | |
| 2 | 2001636595 | 2001636595 | 辽三/辽宁北配(第三批)/2854/ [索取号:G245/18] | 在馆 | |
| 3 | 2001636596 | 2001636596 | 辽三/辽宁北配(第三批)/2854/ [索取号:G245/18] | 在馆 | |
| 4 | 2001636597 | 2001636597 | 辽三/辽宁北配(第三批)/2854/ [索取号:G245/18] | 在馆 | |
| 5 | 2001636598 | 2001636598 | 辽三/辽宁北配(第三批)/2854/ [索取号:G245/18] | 在馆 | |
| 6 | 2001636599 | 2001636599 | 辽三/辽宁北配(第三批)/2854/ [索取号:G245/18] | 在馆 | |
| 7 | 2001636600 | 2001636600 | 辽三/辽宁北配(第三批)/2854/ [索取号:G245/18] | 在馆 | |
| 8 | 2001636601 | 2001636601 | 辽三/辽宁北配(第三批)/2854/ [索取号:G245/18] | 在馆 | |
| 9 | 2001636602 | 2001636602 | 辽三/辽宁北配(第三批)/2854/ [索取号:G245/18] | 在馆 | |
| 10 | 2001636603 | 2001636603 | 辽三/辽宁北配(第三批)/2854/ [索取号:G245/18] | 在馆 | |
| 11 | 2001636604 | 2001636604 | 辽三/辽宁北配(第三批)/2854/ [索取号:G245/18] | 在馆 | |
| 12 | 2001636605 | 2001636605 | 辽三/辽宁北配(第三批)/2854/ [索取号:G245/18] | 在馆 | |
| 13 | 2001636606 | 2001636606 | 辽三/辽宁北配(第三批)/2854/ [索取号:G245/18] | 在馆 | |
| 14 | 2001636607 | 2001636607 | 辽三/辽宁北配(第三批)/2854/ [索取号:G245/18] | 在馆 | |
| 15 | 2001636608 | 2001636608 | 辽三/辽宁北配(第三批)/2854/ [索取号:G245/18] | 在馆 | |
| 16 | 2001636609 | 2001636609 | 辽三/辽宁北配(第三批)/2854/ [索取号:G245/18] | 在馆 | |
| 17 | 2001636610 | 2001636610 | 辽三/辽宁北配(第三批)/2854/ [索取号:G245/18] | 在馆 | |
| 18 | 2001636611 | 2001636611 | 辽三/辽宁北配(第三批)/2854/ [索取号:G245/18] | 在馆 | |
| 19 | 2001636612 | 2001636612 | 辽三/辽宁北配(第三批)/2854/ [索取号:G245/18] | 在馆 | |
| 20 | 2001636613 | 2001636613 | 辽三/辽宁北配(第三批)/2854/ [索取号:G245/18] | 在馆 | |
| 21 | 2001636614 | 2001636614 | 辽三/辽宁北配(第三批)/2854/ [索取号:G245/18] | 在馆 | |
| 22 | 2001636615 | 2001636615 | 辽三/辽宁北配(第三批)/2854/ [索取号:G245/18] | 在馆 | |
| 23 | 2001636616 | 2001636616 | 辽三/辽宁北配(第三批)/2854/ [索取号:G245/18] | 在馆 | |
| 24 | 2001636617 | 2001636617 | 辽三/辽宁北配(第三批)/2854/ [索取号:G245/18] | 在馆 | |
| 25 | 2001636618 | 2001636618 | 辽三/辽宁北配(第三批)/2854/ [索取号:G245/18] | 在馆 | |
| 26 | 2001636619 | 2001636619 | 辽三/辽宁北配(第三批)/2854/ [索取号:G245/18] | 在馆 | |
| 27 | 2001636620 | 2001636620 | 辽三/辽宁北配(第三批)/2854/ [索取号:G245/18] | 在馆 | |
| 28 | 2001636621 | 2001636621 | 辽三/辽宁北配(第三批)/2854/ [索取号:G245/18] | 在馆 | |
| 29 | 2001636622 | 2001636622 | 辽三/辽宁北配(第三批)/2854/ [索取号:G245/18] | 在馆 |